| 000 | 00964nam a22002537a 4500 | ||
|---|---|---|---|
| 999 |
_c396 _d396 |
||
| 003 | AR-CdUCM | ||
| 008 | 190223b ||||| |||| 00| 0 eng d | ||
| 040 |
_aMUNICIPALIDAD PROVINCIAL DEL CUSCO _cBIBLIOTECA MUNICIPAL DEL CUSCO |
||
| 041 | _hchi | ||
| 082 |
_a306 / _bC70 |
||
| 100 |
_aLun, Xu _91589 |
||
| 245 |
_aCultura y Sociedad en China / _cXu Lun |
||
| 260 |
_aMéxico D.F : _bGrijalbo, S.A, _c1972. |
||
| 300 |
_a160 paginas ; _c18 cm. |
||
| 440 |
_aColección 70 / _n3 _91590 |
||
| 505 | _aMirar las cosas con los ojos bien abiertos -- China muda -- La literatura de una época revolucionaria -- Sobre la clase intelectual -- Divergencia entre literatura y política -- La no revolucionaria prisa por hacer la revolución ... | ||
| 650 |
_aHistoria contemporánea _91591 |
||
| 650 |
_aCultura China _91592 |
||
| 650 |
_aSociedad _953 |
||
| 650 |
_aLiteratura _983 |
||
| 700 |
_aTorres, Miguel _91593 |
||
| 942 |
_2ddc _cLIBROS |
||
| 945 |
_aacv _d2019-02-23 |
||